Physics: Mechanics and Heat; Electricity, Magnetism and optics / (Record no. 180609)
[ view plain ]
| 000 -LEADER | |
|---|---|
| fixed length control field | 00696 a2200181 4500 |
| 003 - CONTROL NUMBER IDENTIFIER | |
| control field | Nust |
| 005 - DATE AND TIME OF LATEST TRANSACTION | |
| control field | 20230710094825.0 |
| 020 ## - INTERNATIONAL STANDARD BOOK NUMBER | |
| International Standard Book Number | 389004626 |
| 040 ## - CATALOGING SOURCE | |
| Transcribing agency | Nust |
| 082 ## - DEWEY DECIMAL CLASSIFICATION NUMBER | |
| Classification number | 530,REI |
| 100 ## - MAIN ENTRY--PERSONAL NAME | |
| Personal name | Reimann, Arnold L. |
| 9 (RLIN) | 113468 |
| 245 ## - TITLE STATEMENT | |
| Title | Physics: Mechanics and Heat; Electricity, Magnetism and optics / |
| Statement of responsibility, etc. | Arnold L. Reimann |
| 260 ## - PUBLICATION, DISTRIBUTION, ETC. | |
| Place of publication, distribution, etc. | Barnes & Noble, |
| Name of publisher, distributor, etc. | New York, |
| Date of publication, distribution, etc. | 1971. |
| 300 ## - PHYSICAL DESCRIPTION | |
| Extent | 1070 p. |
| 505 ## - FORMATTED CONTENTS NOTE | |
| Formatted contents note | Introduction (Page-1), Kinematics (Page-25), Dynamics (Page-87), Rigid-Body Mechanics (Page-157), Continuum Mechanics (Page-209), Heat (Page-327), Electric charges and currents (Page-479), Magnetism (Page-733), Light (Page-909). |
| 650 ## - SUBJECT ADDED ENTRY--TOPICAL TERM | |
| Topical term or geographic name entry element | Physics |
| 942 ## - ADDED ENTRY ELEMENTS (KOHA) | |
| Source of classification or shelving scheme | |
| Koha item type | Book |
| Call number prefix | 530,REI |
| Withdrawn status | Lost status | Source of classification or shelving scheme | Damaged status | Not for loan | Collection code | Permanent Location | Current Location | Date acquired | Total Checkouts | Full call number | Barcode | Date last seen | Price effective from | Koha item type |
|---|---|---|---|---|---|---|---|---|---|---|---|---|---|---|
| Military College of Signals (MCS) | Military College of Signals (MCS) | 12/12/2016 | 530 REI | MCS6060 | 12/08/2016 | 12/12/2016 | Book |
